00383 a2200133 450000500170000002000220001708200110003911100090005024500880005926000330014730000410018094200130022199900150023420250618061338.0 a978-9976-78-086-4 a657NBA aNBAA aT05 Principles of Accounting & Auditing: Study text Accounting Technician Level ii. aDAR ES SALAAM,bNBAA,c2019. a390p.; ill.; figure, tablec29.3cm. 2ddccBKS c4249d4249